000 00586nam a22002057a 4500
005 20251108164036.0
008 250721s1998 xx 000 0 ara d
082 1 4 _a303.6/جلب
100 1 _aجلبي، خالص
245 1 0 _aسيكولوجية العنف و إستراتيجية الحل السليمي /
264 1 _aدمشق :
_bدار الفكر،
_c1998.
300 _a248ص
650 1 7 _aالعنف
650 1 7 _aالإخلاص
650 1 7 _aالسلام
650 1 7 _aالعلوم السياسية
650 1 7 _aعلم النفس
942 _2ddc
_cBK
999 _c2163
_d2163